Robinson Crusoe / (Registro nro. 8582)
[ vista simple ]
| 000 -LIDER | |
|---|---|
| fixed length control field | 00892nam a22002897a 4500 |
| 001 - NÚMERO DE CONTROL | |
| Identificador de número de control | 00260 |
| 003 - IDENTIFICACDOR DE NÚMERO DE CONTROL | |
| control field | DO-SdBNP |
| 005 - DATE AND TIME OF LATEST TRANSACTION | |
| control field | 20151105150827.0 |
| 008 - ELEMENTOS DE LONGITUD FIJA | |
| fixed length control field | 151105b 1982 sp xxu||||| |||| 00| 0 spa d |
| 020 ## - ISBN | |
| International Standard Book Number | 8475250173 |
| 040 ## - FUENTE DE CATALOGACIÓN | |
| Agencia que crea de manera original el registro | BPMSU |
| Idioma de catalogación | spa |
| Agencia que realiza la transcripción | BPMSU |
| 092 ## - LOCALLY ASSIGNED DEWEY DECIMAL CALL NUMBER | |
| Número de clasificación | xxxxx |
| Número de ítem (Cutter) | xxxxx |
| 100 1# - ASIENTO PRINCIPAL -- NOMBRE PERSONAL | |
| Nombre personal | Defoe, Daniel, |
| 245 10 - MENCIÓN DE TITULO | |
| Título | Robinson Crusoe / |
| Enlace | Daniel Defoe ; traducción Martha Eguía ; apéndice Emilio Pascual ; ilustración J.J. Grandville. |
| 260 ## - PUBLICACIÓN, DISTRIBUCIÓN, ETC. (PIE DE IMPRENTA) | |
| Lugar de publicación, distribución, etc | Madrid : |
| Nombre del editor, distribuidor, etc. | Anaya, |
| Fecha de publicación, distribución, etc | 1982. |
| 300 ## - DESCRIPCIÓN FÍSICA | |
| Extensión | 326 p. : |
| Otros detalles físicos | il. ; |
| Dimensiones | 20 cm. |
| 490 1# - MENCIÓN DE SERIES | |
| Mención de serie | Tus libros |
| Volume/sequential designation | 22 |
| 490 1# - MENCIÓN DE SERIES | |
| Mención de serie | Aventuras |
| 500 ## - NOTA GENERAL | |
| Nota general | Incluye referencias bibliográficas y notas al pie de las páginas. |
| 700 ## - ASIENTO SECUNDARIO -- NOMBRE PERSONAL | |
| Nombre personal | Eguía, Martha, |
| Mención de responsabilidad | tr. |
| 700 ## - ASIENTO SECUNDARIO -- NOMBRE PERSONAL | |
| Nombre personal | Pascual, Emilio |
| 700 ## - ASIENTO SECUNDARIO -- NOMBRE PERSONAL | |
| Nombre personal | Grandville, J. J., |
| Mención de responsabilidad | il. |
| 830 #0 - ASIENTO SECUNDARIO DE SERIE--TÍTULO UNIFORME | |
| Título uniforme | Tus libros |
| Número de la parte o sección de una obra | 22 |
| 830 #0 - ASIENTO SECUNDARIO DE SERIE--TÍTULO UNIFORME | |
| Título uniforme | Aventuras |
| 942 ## - ADDED ENTRY ELEMENTS (KOHA) | |
| Source of classification or shelving scheme | Dewey Decimal Classification |
| Koha item type | Libros |
| 956 ## - LOCAL ELECTRONIC LOCATION AND ACCESS (OCLC) | |
| Método de acceso | Lorenza Pérez |
| Withdrawn status | Lost status | Source of classification or shelving scheme | Damaged status | Not for loan | Collection code | Home library | Current library | Date acquired | Source of acquisition | Total Checkouts | Barcode | Date last seen | Price effective from | Koha item type | Copy number |
|---|---|---|---|---|---|---|---|---|---|---|---|---|---|---|---|
| Dewey Decimal Classification | Colección Juvenil General | Biblioteca Pública Metropolitana Salomé Ureña | Biblioteca Pública Metropolitana Salomé Ureña | 11/05/2015 | FUNDI | BPMSU15110097 | 11/05/2015 | 11/05/2015 | Libros | ||||||
| Dewey Decimal Classification | Colección Juvenil General | Biblioteca Pública Metropolitana Salomé Ureña | Biblioteca Pública Metropolitana Salomé Ureña | 02/02/2018 | FUNDI | BPMSU18020027 | 02/02/2018 | 02/02/2018 | Libros | e. 2 |